000 00303 a2200133 4500
000 nam a22 7a 4500
100 _aSingh, Savindra
110 _aSingh, Savindra
245 _aFundamentals of Hydrology
250 _aLatest edition
260 _bPravalika
264 _bPravalika
942 _cBK
999 _c396829
_d396829